[Event "Mistrzostwa Polski Niewidomych"]
[Site "Wagrowiec, ul. Jeziorna 16 OR"]
[Date "2018.??.??"]
[Round "9.8"]
[White "Pociejowski, Marek"]
[Black "Mettel, Werner"]
[Result "1-0"]
[WhiteElo "1853"]
[BlackElo "1752"]
[PlyCount "90"]
[EventDate "2018.??.??"]

1. d4 d5 2. c4 Nf6 3. cxd5 Nxd5 4. e4 Nb6 5. Nc3 g6 6. Be3 Bg7 7. Nf3 N8d7 8.
Rc1 c6 9. a4 Nf6 10. h3 O-O 11. Be2 Be6 12. b3 Bd7 13. O-O Bc8 14. Qc2 Ne8 15.
Rfd1 Nf6 16. a5 Nbd7 17. b4 a6 18. Na4 Re8 19. d5 cxd5 20. Nb6 Nxb6 21. Bxb6
Qd7 22. exd5 Nxd5 23. Qb3 e6 24. Bc4 Bh6 25. Rc3 Bg7 26. Rcd3 Qe7 27. Bc5 Qf6
28. Bxd5 exd5 29. Qxd5 Bf5 30. Re3 Red8 31. Qb3 Rxd1+ 32. Qxd1 Rd8 33. Qe2 Be6
34. Bb6 Qa1+ 35. Kh2 Rd7 36. g3 h6 37. Nh4 Qd1 38. Rxe6 fxe6 39. Qxe6+ Rf7 40.
Nxg6 Qf3 41. Nf4 Qc3 42. Bc5 Qf6 43. Qe8+ Bf8 44. Nh5 Qf5 45. g4 Qc2 1-0

[Event "Mistrzostwa Polski Niewidomych"]
[Site "Wagrowiec, ul. Jeziorna 16 OR"]
[Date "2018.??.??"]
[Round "9.9"]
[White "Stankiewicz, Edward"]
[Black "Jagiello, Jerzy"]
[Result "1-0"]
[WhiteElo "1840"]
[BlackElo "1579"]
[PlyCount "29"]
[EventDate "2018.??.??"]

1. c4 Nf6 2. Nc3 e6 3. e4 d6 4. d4 b6 5. Nf3 Bb7 6. Bd3 h6 7. O-O Nbd7 8. Bf4
Be7 9. Re1 O-O 10. Qd2 Nh7 11. Bxh6 gxh6 12. Qxh6 Bg5 13. Qh3 Re8 14. e5 dxe5
15. Nxe5 {(38)} 1-0

[Event "Mistrzostwa Polski Niewidomych"]
[Site "Wagrowiec, ul. Jeziorna 16 OR"]
[Date "2018.??.??"]
[Round "9.10"]
[White "Kardasz, Wladyslaw"]
[Black "Traczyk, Tadeusz"]
[Result "1-0"]
[WhiteElo "1742"]
[BlackElo "1817"]
[PlyCount "73"]
[EventDate "2018.??.??"]

1. e4 c5 2. Nf3 d6 3. d4 cxd4 4. Nxd4 Nf6 5. Nc3 a6 6. Bg5 e6 7. Qd2 Nbd7 8.
O-O-O Qc7 9. Kb1 b5 10. Bd3 Bb7 11. Rhe1 Be7 12. f3 O-O 13. h4 Rfc8 14. g4 Ne5
15. Qe3 Rab8 16. Rf1 Nxd3 17. cxd3 Qd8 18. Rc1 h6 19. Bxf6 Bxf6 20. g5 hxg5 21.
hxg5 Bxg5 22. f4 Bf6 23. Rg1 b4 24. Nce2 e5 25. Nf5 Rxc1+ 26. Nxc1 Bc8 27. Rh1
g6 28. Nh6+ Kg7 29. Qg3 Rb7 30. f5 Rc7 31. fxg6 fxg6 32. Nf5+ Kf7 33. Rh7+ Ke6
34. Rxc7 Qxc7 35. Ne3 Kf7 36. Nd5 Qc5 37. Qf3 1-0

[Event "Mistrzostwa Polski Niewidomych"]
[Site "Wagrowiec, ul. Jeziorna 16 OR"]
[Date "2018.??.??"]
[Round "9.11"]
[White "Przewoznik, Emil"]
[Black "Wyrzykowski, Jozef"]
[Result "1-0"]
[WhiteElo "1812"]
[BlackElo "1635"]
[PlyCount "63"]
[EventDate "2018.??.??"]

1. d4 d5 2. c4 e6 3. Nc3 dxc4 4. e3 Bd7 5. Bxc4 Nf6 6. Nf3 a6 7. O-O Be7 8. Re1
O-O 9. e4 c6 10. Qe2 h6 11. Bd3 Nh7 12. e5 Ng5 13. Nxg5 Bxg5 14. Qe4 g6 15. f4
Be7 16. Re3 Kh7 17. Rh3 Rg8 18. Be3 Bf8 19. Qf3 f5 20. exf6 Qxf6 21. Ne4 Qg7
22. f5 exf5 23. Rxh6+ Qxh6 24. Bxh6 Kxh6 25. Nf6 Rh8 26. Re1 Kg7 27. Ne8+ Bxe8
28. Rxe8 Bd6 29. Rxh8 Kxh8 30. Qe3 a5 31. Qh6+ Kg8 32. Bc4# 1-0

[Event "Mistrzostwa Polski Niewidomych"]
[Site "Wagrowiec, ul. Jeziorna 16 OR"]
[Date "2018.??.??"]
[Round "9.12"]
[White "Zarow, Zdzislaw"]
[Black "Debowska, Teresa"]
[Result "0-1"]
[WhiteElo "1663"]
[BlackElo "1802"]
[PlyCount "36"]
[EventDate "2018.??.??"]

1. e4 d5 2. Nc3 dxe4 3. Nxe4 g6 4. Nf3 Bg7 5. d4 Bg4 6. Bc4 h6 7. c3 e6 8. Qb3
b6 9. Bb5+ Kf8 10. Ne5 Bf5 11. Nc6 Nxc6 12. Bxc6 Rb8 13. Bf4 Ne7 14. Qa3 Kg8
15. Qxa7 b5 16. Bxb5 Bxe4 17. O-O Qd5 18. c4 Qb7 0-1

[Event "Mistrzostwa Polski Niewidomych"]
[Site "Wagrowiec, ul. Jeziorna 16 OR"]
[Date "2018.??.??"]
[Round "9.13"]
[White "Zelajtys, Jozef"]
[Black "Barnowski, Sylwester"]
[Result "1/2-1/2"]
[WhiteElo "1665"]
[BlackElo "1787"]
[PlyCount "23"]
[EventDate "2018.??.??"]

1. e4 e5 2. Nf3 Nf6 3. Nxe5 d6 4. Nf3 Nxe4 5. d4 d5 6. Bd3 Bb4+ 7. c3 Be7 8.
Qe2 f5 9. O-O O-O 10. Ne5 Nd7 11. Bf4 Nxe5 12. Bxe5 1/2-1/2

[Event "Mistrzostwa Polski Niewidomych"]
[Site "Wagrowiec, ul. Jeziorna 16 OR"]
[Date "2018.??.??"]
[Round "9.14"]
[White "Baryla, Damian"]
[Black "Hagner, Pawel"]
[Result "1-0"]
[WhiteElo "1811"]
[BlackElo "1698"]
[PlyCount "67"]
[EventDate "2018.??.??"]

1. e4 d6 2. d4 Nf6 3. Nc3 g6 4. Be2 Bg7 5. f4 O-O 6. h4 c5 7. d5 Qa5 8. Bd2 a6
9. h5 Qc7 10. g4 Qd7 11. g5 Ng4 12. hxg6 fxg6 13. Rh4 Bxc3 14. bxc3 h5 15. Bxg4
hxg4 16. c4 e5 17. dxe6 Qxe6 18. Bc3 Qxe4+ 19. Qe2 Qxe2+ 20. Nxe2 Be6 21. Rd1
Bxc4 22. Rxd6 Bxe2 23. Rh8+ Kf7 24. Rf6+ Ke7 25. Rfxf8 Bb5 26. Rxb8 Rxb8 27.
Rxb8 Bc6 28. Kf2 b5 29. Rg8 Kf7 30. Rg7+ Kf8 31. Rxg6 Be4 32. Rxa6 Bxc2 33. a3
Bd3 34. Rc6 1-0

[Event "Mistrzostwa Polski Niewidomych"]
[Site "Wagrowiec, ul. Jeziorna 16 OR"]
[Date "2018.??.??"]
[Round "9.15"]
[White "Niecko, Stanislaw"]
[Black "Filipiak, Rajmund"]
[Result "1-0"]
[WhiteElo "1770"]
[BlackElo "1706"]
[PlyCount "103"]
[EventDate "2018.??.??"]

1. e4 e6 2. d4 d5 3. e5 c5 4. c3 Nc6 5. Nf3 Bd7 6. Be2 Qb6 7. O-O Nge7 8. dxc5
Qxc5 9. Be3 Qa5 10. c4 Qc7 11. Nc3 Nxe5 12. cxd5 Nxd5 13. Nxd5 exd5 14. Qxd5
Nxf3+ 15. Bxf3 Bc6 16. Qc4 Be7 17. Bxc6+ bxc6 18. Rac1 O-O 19. Qxc6 Qa5 20. Qc7
Bd8 21. Qxa5 Bxa5 22. Rfd1 Bb6 23. Bxb6 axb6 24. a3 Rfc8 25. g3 Kf8 26. Rxc8+
Rxc8 27. Rd6 Rb8 28. Rd7 Ke8 29. Rc7 Rd8 30. Rb7 Rd6 31. Kf1 Re6 32. Kg2 g5 33.
h3 Kf8 34. Kf3 Kg7 35. h4 h6 36. hxg5 hxg5 37. Kg4 Kg6 38. f4 f5+ 39. Kf3 g4+
40. Kf2 Kf6 41. b4 Rc6 42. Ke2 Rd6 43. Ke3 Ke6 44. Rc7 Kf6 45. b5 Ke6 46. Rc6
Rxc6 47. bxc6 Kd6 48. Kd4 Kxc6 49. Ke5 Kb5 50. Kxf5 Ka4 51. Kxg4 Kxa3 52. f5
1-0

[Event "Mistrzostwa Polski Niewidomych"]
[Site "Wagrowiec, ul. Jeziorna 16 OR"]
[Date "2018.??.??"]
[Round "9.16"]
[White "Raczek, Stanislaw"]
[Black "Huzarski, Stanislaw"]
[Result "0-1"]
[WhiteElo "1550"]
[BlackElo "1758"]
[PlyCount "63"]
[EventDate "2018.??.??"]

1. e4 c5 2. c4 Nf6 3. Nc3 Nc6 4. Nf3 d6 5. d4 cxd4 6. Nxd4 g6 7. Nxc6 bxc6 8.
Bd3 Bg7 9. O-O O-O 10. Bg5 Qc7 11. Bxf6 Bxf6 12. Rb1 Rb8 13. Qc2 Be6 14. f4 Kg7
15. f5 Bd7 16. Ne2 Be5 17. g3 Rfc8 18. b3 d5 19. Qd2 Qb6+ 20. Kg2 dxe4 21. Bxe4
Rd8 22. fxg6 Bh3+ 23. Kxh3 Rxd2 24. Rxf7+ Kg8 25. Rxe7 Bg7 26. gxh7+ Kh8 27.
Nf4 Rd6 28. Ng6+ Kxh7 29. Ne5+ Kg8 30. Nd7 Qd8 31. Nxb8 Qxe7 32. Bxc6 0-1

[Event "Mistrzostwa Polski Niewidomych"]
[Site "Wagrowiec, ul. Jeziorna 16 OR"]
[Date "2018.??.??"]
[Round "9.17"]
[White "Baryla, Lukasz"]
[Black "Bzowski, Grzegorz"]
[Result "1-0"]
[WhiteElo "1726"]
[BlackElo "1621"]
[PlyCount "33"]
[EventDate "2018.??.??"]

1. d4 Nf6 2. Nf3 g6 3. Bg5 Bg7 4. Nc3 d6 5. e4 O-O 6. Bc4 Nbd7 7. Qe2 c5 8. e5
dxe5 9. dxe5 Ne8 10. O-O-O Kh8 11. e6 fxe6 12. Bxe6 Bxc3 13. bxc3 Nef6 14. Ne5
Qc7 15. Nxd7 Nxd7 16. Bxd7 Bxd7 17. Qxe7 1-0

[Event "Mistrzostwa Polski Niewidomych"]
[Site "Wagrowiec, ul. Jeziorna 16 OR"]
[Date "2018.??.??"]
[Round "9.18"]
[White "Gryglewicz, Tadeusz"]
[Black "Binkowski, Kazimierz"]
[Result "1/2-1/2"]
[WhiteElo "1601"]
[BlackElo "1600"]
[PlyCount "55"]
[EventDate "2018.??.??"]

1. Nf3 Nc6 2. d4 d5 3. g3 h6 4. Bg2 Bf5 5. c3 Be4 6. Nbd2 f5 7. O-O Nf6 8. e3
e6 9. Ne1 Bxg2 10. Nxg2 Bd6 11. c4 O-O 12. c5 Be7 13. Nf4 Qd7 14. f3 Rf7 15.
Rf2 g5 16. Ng2 Kh8 17. a3 Bf8 18. b4 Ne7 19. e4 dxe4 20. Bb2 Kg7 21. fxe4 Ng4
22. e5 Nxf2 23. Kxf2 Nd5 24. Nf3 f4 25. g4 Ne3 26. Qd3 Nxg2 27. Kxg2 Qd5 28.
Rd1 {(51)} 1/2-1/2

[Event "Mistrzostwa Polski Niewidomych"]
[Site "Wagrowiec, ul. Jeziorna 16 OR"]
[Date "2018.??.??"]
[Round "9.20"]
[White "Malcer, Joanna"]
[Black "Tyszkiewicz, Adam"]
[Result "0-1"]
[WhiteElo "1567"]
[BlackElo "1520"]
[PlyCount "68"]
[EventDate "2018.??.??"]

1. e4 e5 2. Bc4 Nf6 3. d3 c5 4. c3 a6 5. Qb3 Qe7 6. Nf3 b5 7. Bd5 Nxd5 8. Qxd5
Nc6 9. Qb3 d6 10. O-O h6 11. Re1 Bg4 12. Nbd2 Be6 13. Qc2 g6 14. b3 Bg7 15. Bb2
O-O 16. a4 Bg4 17. axb5 axb5 18. h3 Bxf3 19. Nxf3 b4 20. c4 f5 21. Kh1 fxe4 22.
dxe4 Rxa1 23. Rxa1 Kh7 24. Kg1 Nd4 25. Nxd4 exd4 26. Qd3 Be5 27. Rf1 Qh4 28.
Bc1 Qf6 29. Bd2 Bf4 30. Bxf4 Qxf4 31. f3 Qg3 32. Qe2 Qh4 33. Qf2 Qxf2+ 34. Rxf2
Ra8 0-1

[Event "Mistrzostwa Polski Niewidomych"]
[Site "Wagrowiec, ul. Jeziorna 16 OR"]
[Date "2018.??.??"]
[Round "9.23"]
[White "Bialas, Stanislaw"]
[Black "Skiera, Edward"]
[Result "1-0"]
[WhiteElo "1477"]
[BlackElo "1500"]
[PlyCount "39"]
[EventDate "2018.??.??"]

1. e4 e5 2. Nf3 Nc6 3. Bc4 Bc5 4. c3 Nf6 5. d3 h6 6. O-O O-O 7. h3 Re8 8. b4
Bb6 9. a4 a6 10. Ba3 d6 11. Qb3 Be6 12. Nbd2 d5 13. exd5 Nxd5 14. Rfe1 Nf4 15.
Nxe5 Nxe5 16. Rxe5 Bxc4 17. Rxe8+ Qxe8 18. Qxc4 Qe2 19. Qxf4 Qxf2+ 20. Qxf2 1-0

[Event "Mistrzostwa Polski Niewidomych"]
[Site "Wagrowiec, ul. Jeziorna 16 OR"]
[Date "2018.??.??"]
[Round "9.26"]
[White "Czarnecki, Zbigniew"]
[Black "Wegner, Wieslaw"]
[Result "0-1"]
[WhiteElo "1337"]
[BlackElo "1704"]
[PlyCount "29"]
[EventDate "2018.??.??"]

1. e4 c5 2. Nf3 Nc6 3. d4 e6 4. c3 Bd6 5. e5 Be7 6. Bd3 f6 7. O-O Qb6 8. Bc2 d6
9. exd6 Bxd6 10. Re1 Nge7 11. Bb3 O-O 12. Bxe6+ Bxe6 13. Rxe6 cxd4 14. cxd4
Rad8 15. Nc3 {(58)} 0-1

[Event "Mistrzostwa Polski Niewidomych"]
[Site "Wagrowiec, ul. Jeziorna 16 OR"]
[Date "2018.??.??"]
[Round "9.28"]
[White "Inglot, Marian"]
[Black "Loroch, Zygfryd"]
[Result "1/2-1/2"]
[WhiteElo "1451"]
[BlackElo "1427"]
[PlyCount "35"]
[EventDate "2018.??.??"]

1. e4 e5 2. Nf3 Nc6 3. Bc4 Bc5 4. d3 d6 5. O-O Nf6 6. h3 O-O 7. Bg5 h6 8. Bxf6
Qxf6 9. Nc3 Be6 10. Nd5 Bxd5 11. Bxd5 a6 12. Bxc6 bxc6 13. c3 Rab8 14. b4 Bb6
15. a4 a5 16. b5 cxb5 17. axb5 Qe6 18. c4 1/2-1/2